Text book of hydraulic machines (Record no. 10732)

000 -LEADER
fixed length control field 00441nam a22001817a 4500
001 - CONTROL NUMBER
control field 10732
003 - CONTROL NUMBER IDENTIFIER
control field BD-DhUET
008 - FIXED-LENGTH DATA ELEMENTS--GENERAL INFORMATION
fixed length control field 150209b xxu||||| |||| 00| 0 eng d
040 ## - CATALOGING SOURCE
Transcribing agency 0
Modifying agency BD-DhUET
082 ## - DEWEY DECIMAL CLASSIFICATION NUMBER
Classification number 621.2
Item number KHU/1985
100 ## - MAIN ENTRY--PERSONAL NAME
Personal name Khurmi, R. S.
245 ## - TITLE STATEMENT
Title Text book of hydraulic machines
250 ## - EDITION STATEMENT
Edition statement 14th ed.
260 ## - PUBLICATION, DISTRIBUTION, ETC. (IMPRINT)
Place of publication, distribution, etc. New Delhi
Name of publisher, distributor, etc. S. Chand
Date of publication, distribution, etc. 1985
300 ## - PHYSICAL DESCRIPTION
Extent vii, v.p.
Other physical details ill.
650 #0 - SUBJECT ADDED ENTRY--TOPICAL TERM
Topical term or geographic name as entry element Hydraulic Machines
942 ## - ADDED ENTRY ELEMENTS (KOHA)
Koha item type General Book
Holdings
Koha full call number Koha date last seen Lost status Location (home branch) Price effective from Damaged status Koha normalized classification for sorting Piece designation (barcode) Withdrawn status Koha item type Sublocation or collection (holding branch) Copy number Not for loan Source of classification or shelving scheme Shelving location Date acquired
621.2/KHU/19852015-02-09 Central Library, BUET2015-02-09 621_200000000000000_KHU_198564129 General BookCentral Library, BUET1  Circulation section2015-02-09
621.2/KHU/19852015-02-09 Central Library, BUET2015-02-09 621_200000000000000_KHU_198564154 General BookCentral Library, BUET2  Circulation section2015-02-09
621.2/KHU/19852015-02-09 Central Library, BUET2015-02-09 621_200000000000000_KHU_198564142 General BookCentral Library, BUET3  Circulation section2015-02-09
621.2/KHU/19852015-02-09 Central Library, BUET2015-02-09 621_200000000000000_KHU_198556685 General BookCentral Library, BUET4  Circulation section2015-02-09
621.2/KHU/19852015-06-22 Central Library, BUET2015-02-09 621_200000000000000_KHU_198564155 General BookCentral Library, BUET5  Circulation section2015-02-09
621.2/KHU/19852015-02-09 Central Library, BUET2015-02-09 621_200000000000000_KHU_198564132 General BookCentral Library, BUET6  Circulation section2015-02-09
621.2/KHU/19852015-02-09 Central Library, BUET2015-02-09 621_200000000000000_KHU_198564136 General BookCentral Library, BUET7  Circulation section2015-02-09
621.2/KHU/19852015-02-09 Central Library, BUET2015-02-09 621_200000000000000_KHU_198564153 General BookCentral Library, BUET8  Circulation section2015-02-09
621.2/KHU/19852015-02-09 Central Library, BUET2015-02-09 621_200000000000000_KHU_198564134 General BookCentral Library, BUET9  Circulation section2015-02-09
621.2/KHU/19852015-02-09 Central Library, BUET2015-02-09 621_200000000000000_KHU_198564150 General BookCentral Library, BUET10  Circulation section2015-02-09
621.2/KHU/19852015-02-09 Central Library, BUET2015-02-09 621_200000000000000_KHU_198564137 General BookCentral Library, BUET11  Circulation section2015-02-09
621.2/KHU/19852015-02-09 Central Library, BUET2015-02-09 621_200000000000000_KHU_198564139 General BookCentral Library, BUET12  Circulation section2015-02-09